| 000 | 00673nam a22002057a 4500 | ||
|---|---|---|---|
| 003 | OSt | ||
| 005 | 20251023090624.0 | ||
| 008 | 251023b |||||||| |||| 00| 0 eng d | ||
| 020 | _a978-971-23-5353-6 | ||
| 040 |
_aDWC-Main Lib. _cOC |
||
| 082 | _aFil. 371.102 C339h 2009 | ||
| 100 | _aCASINTO, CARLO DOMINGO C. | ||
| 245 |
_aHandbook on principles of teaching 1/ _cCARLO DOMINGO C. CASINTO |
||
| 260 |
_aManila : _bRex Book Store, _cc2009. |
||
| 300 |
_axii, 151 pages : _billustrations ; _c25 cm. |
||
| 504 | _aReferences: pp. 147-151 | ||
| 650 | _a1. Education -- Principles. | ||
| 650 | _a2. Teaching principles. I. Title | ||
| 942 |
_2ddc _cBK - FIL _hFil. _n0 |
||
| 999 |
_c5076 _d5076 |
||